[Event "TUR Cup"]
[Site "Antalya"]
[Date "2020.01.27"]
[Round "2"]
[White "Uslu, Mehmet"]
[Black "Aysoy, Veysi"]
[Result "0-1"]
[WhiteElo "1402"]
[BlackElo "1869"]
[PlyCount "80"]
[EventDate "2020.01.26"]
[EventType "swiss"]
[EventRounds "11"]
[EventCountry "TUR"]
[SourceTitle "CBM 194 Extra"]
[Source "ChessBase"]
[SourceDate "2020.03.31"]
[SourceVersion "1"]
[SourceVersionDate "2020.03.31"]
[SourceQuality "1"]

1. e4 d5 2. e5 c5 3. d4 Nc6 4. Nf3 Bg4 5. Bb5 e6 6. c3 cxd4 7. Qxd4 Bxf3 8. gxf3 Qb6 9. Qxb6 axb6 10. Be3 Bc5 11. b4 Bxe3 12. fxe3 Nge7 13. a4 f6 14. exf6 gxf6 15. Rg1 Kf7 16. Nd2 Nf5 17. Ke2 Nd6 18. Nb3 Rhc8 19. Bd3 Ne5 20. f4 Nxd3 21. Kxd3 Ne4 22. Rgc1 e5 23. fxe5 fxe5 24. Nd2 Nd6 25. e4 dxe4+ 26. Nxe4 Nxe4 27. Kxe4 Ke6 28. c4 Rf8 29. Ra2 Rf4+ 30. Ke3 Raf8 31. Rcc2 Rh4 32. Rg2 Rxc4 33. b5 Rff4 34. a5 bxa5 35. Rxa5 Rb4 36. Rg7 Rb3+ 37. Ke2 Rh4 38. Rg2 Rb2+ 39. Kf3 Rf4+ 40. Kg3 Rb3# 0-1

[Event "TUR-chT Clubs"]
[Site "Konya"]
[Date "2019.07.21"]
[Round "9.1"]
[White "Taskaya, Muhammed"]
[Black "Aysoy, Veysi"]
[Result "1/2-1/2"]
[WhiteElo "2011"]
[BlackElo "1881"]
[PlyCount "66"]
[EventDate "2019.07.16"]
[EventType "team-swiss"]
[EventRounds "9"]
[EventCountry "TUR"]
[SourceTitle "CBM 191 Extra"]
[Source "ChessBase"]
[SourceDate "2019.09.30"]
[SourceVersion "1"]
[SourceVersionDate "2019.09.30"]
[SourceQuality "1"]
[WhiteTeam "Duzce AS Genclik"]
[BlackTeam "Bitlis Ihtisas Egitim"]
[WhiteTeamCountry "TUR"]
[BlackTeamCountry "TUR"]

1. e4 d5 2. exd5 Nf6 3. d4 Nxd5 4. Nf3 g6 5. c4 Nb6 6. Bd2 Bg7 7. Bc3 0-0 8. Be2 Bg4 9. Nbd2 Bd7 10. b3 c5 11. 0-0 Nc6 12. Ne4 cxd4 13. Nxd4 Nxd4 14. Bxd4 Bc6 15. Bxg7 Kxg7 16. Bf3 Qxd1 17. Rfxd1 Rfd8 18. Ng5 Bxf3 19. Nxf3 f6 20. Kf1 Kf7 21. Ke2 e5 22. Ne1 Ke7 23. Nc2 Rxd1 24. Rxd1 Rd8 25. Rxd8 Kxd8 26. Kd3 Kd7 27. Ne3 Ke6 28. Nd1 Nc8 29. Nc3 Ne7 30. a3 a6 31. b4 f5 32. Na4 Kd6 33. Nc5 Kc6 1/2-1/2

[Event "TUR Cup										"]
[Site "Antalya"]
[Date "2018.01.31"]
[Round "7"]
[White "Aysoy, Veysi"]
[Black "Erdogan, Anil Berk"]
[Result "0-1"]
[WhiteElo "1928"]
[BlackElo "2106"]
[PlyCount "62"]
[EventDate "2018.01.27"]
[EventType "swiss"]
[EventRounds "11"]
[EventCountry "TUR"]
[SourceTitle "CBM 182 Extra"]
[Source "ChessBase"]
[SourceDate "2018.02.23"]
[SourceVersion "1"]
[SourceVersionDate "2018.02.23"]
[SourceQuality "1"]

1. e4 c5 2. Nc3 g6 3. Nge2 Bg7 4. d4 cxd4 5. Nxd4 Nc6 6. Be3 Nf6 7. f3 0-0 8. Nxc6 bxc6 9. Bc4 Bb7 10. Bb3 d5 11. exd5 cxd5 12. Bd4 e5 13. Bc5 Re8 14. 0-0 Qc7 15. Bf2 d4 16. Ne4 Nxe4 17. fxe4 Bxe4 18. Bg3 Re7 19. Qe2 Qb7 20. Bh4 Rc7 21. Bg3 Bd5 22. Rae1 Bxb3 23. axb3 Re8 24. Qd1 Qc6 25. Re2 f5 26. Rfe1 Rce7 27. Qd3 Kh8 28. Qc4 Qd7 29. Qc5 e4 30. Bh4 d3 31. Rf2 e3 0-1

[Event "TUR-chT2"]
[Site "Konya"]
[Date "2017.07.11"]
[Round "4.10"]
[White "Aysoy, Veysi"]
[Black "Uysal, Burak"]
[Result "1-0"]
[WhiteElo "1884"]
[BlackElo "2150"]
[PlyCount "127"]
[EventDate "2017.07.09"]
[EventType "team-swiss"]
[EventRounds "9"]
[EventCountry "TUR"]
[SourceTitle "CBM 179 Extra"]
[Source "ChessBase"]
[SourceDate "2017.08.23"]
[SourceVersion "1"]
[SourceVersionDate "2017.08.23"]
[SourceQuality "1"]
[WhiteTeam "Mezopotamya"]
[BlackTeam "Duzcespor"]
[WhiteTeamCountry "TUR"]
[BlackTeamCountry "TUR"]

1. d4 d5 2. c4 dxc4 3. e3 e5 4. Nf3 exd4 5. exd4 Nf6 6. Bxc4 Bd6 7. 0-0 0-0 8. Bg5 h6 9. Bh4 Nc6 10. Nbd2 g5 11. Qc2 Kg7 12. Bg3 g4 13. Ne5 Nxd4 14. Qc3 c5 15. f3 b5 16. Bd3 Nd5 17. Qc1 c4 18. Ndxc4 bxc4 19. Qxc4 Qb6 20. Bf2 Bxe5 21. Qxd5 Bf6 22. fxg4 Bb7 23. Qh5 Qc6 24. Qh3 Ne6 25. Be3 Ng5 26. Qg3 Rfe8 27. Bf4 Ne6 28. Bxh6+ Kh8 29. Rxf6 Qc5+ 30. Kh1 Ng7 31. Raf1 Qd5 32. b3 Re6 33. Bxg7+ Kxg7 34. Rxe6 Qxe6 35. h3 Bd5 36. Re1 Qc6 37. Kh2 Rd8 38. Qe5+ Qf6 39. Qxf6+ Kxf6 40. Bc4 Bc6 41. Rf1+ Kg6 42. Bxf7+ Kg7 43. Rc1 Be4 44. Re1 Bc6 45. Bc4 Rd7 46. Re2 a5 47. a4 Bb7 48. h4 Kf8 49. h5 Rd4 50. Kg3 Bc8 51. Rf2+ Kg7 52. Rf4 Rd7 53. Kh4 Bb7 54. g3 Bc8 55. Be6 Rc7 56. Rc4 Rxc4 57. Bxc4 Kh6 58. g5+ Kg7 59. g4 Bd7 60. h6+ Kh7 61. Bd3+ Kh8 62. g6 Be6 63. Bc4 Bd5 64. g7+ 1-0

[Event "TUR-chT2"]
[Site "Konya"]
[Date "2017.07.10"]
[Round "3.6"]
[White "Tahaoglu, Ugur Barkin"]
[Black "Aysoy, Veysi"]
[Result "0-1"]
[WhiteElo "1927"]
[BlackElo "1884"]
[PlyCount "76"]
[EventDate "2017.07.09"]
[EventType "team-swiss"]
[EventRounds "9"]
[EventCountry "TUR"]
[SourceTitle "CBM 179 Extra"]
[Source "ChessBase"]
[SourceDate "2017.08.23"]
[SourceVersion "1"]
[SourceVersionDate "2017.08.23"]
[SourceQuality "1"]
[WhiteTeam "Marmara Universitesi"]
[BlackTeam "Mezopotamya"]
[WhiteTeamCountry "TUR"]
[BlackTeamCountry "TUR"]

1. d4 Nf6 2. Bg5 c6 3. Bxf6 exf6 4. e3 d5 5. c4 Bb4+ 6. Nc3 0-0 7. cxd5 Qxd5 8. Nf3 Bg4 9. Be2 Nd7 10. 0-0 Qa5 11. Qc2 Rfe8 12. Rfc1 Rac8 13. a3 Bd6 14. b4 Qh5 15. h3 Bxh3 16. gxh3 Qxh3 17. Qd1 Qg4+ 18. Kf1 f5 19. Ke1 Nf6 20. Qc2 Ne4 21. Nxe4 fxe4 22. Nd2 Qh4 23. Nc4 Bh2 24. Kd2 Rcd8 25. Rf1 b6 26. Nb2 Qh6 27. Ke1 Rd6 28. Rd1 Qh4 29. Rd2 Red8 30. Qb3 b5 31. Rc2 Qh3 32. Nd1 Rxd4 33. Bg4 Rxd1+ 34. Bxd1 Rxd1+ 35. Kxd1 Qxf1+ 36. Kd2 Qxf2+ 37. Kc1 Qe1+ 38. Kb2 Be5+ 0-1

[Event "Malatya Golden Apricot op 4th"]
[Site "Malatya"]
[Date "2016.08.23"]
[Round "4"]
[White "Aysoy, Veysi"]
[Black "Zeynalov, Rashad"]
[Result "1/2-1/2"]
[WhiteElo "1860"]
[BlackElo "2187"]
[PlyCount "93"]
[EventDate "2016.08.21"]
[EventType "swiss"]
[EventRounds "9"]
[EventCountry "TUR"]
[SourceTitle "CBM 174 Extra"]
[Source "ChessBase"]
[SourceDate "2016.10.10"]
[SourceVersion "1"]
[SourceVersionDate "2016.10.10"]
[SourceQuality "1"]

1. d4 Nf6 2. c4 g6 3. Nf3 Bg7 4. g3 0-0 5. Bg2 d6 6. 0-0 Nc6 7. Nc3 a6 8. b3 e5 9. dxe5 dxe5 10. Bb2 Qe7 11. e4 Bg4 12. h3 Bxf3 13. Bxf3 Nd4 14. Nd5 Nxd5 15. cxd5 Rae8 16. a4 Rd8 17. Bg2 Rfe8 18. Bxd4 exd4 19. Qd3 Qd7 20. f4 c6 21. dxc6 Qxc6 22. Rfc1 Qd7 23. Rc4 Rc8 24. Rac1 Rxc4 25. Rxc4 b5 26. axb5 Qxb5 27. e5 Rd8 28. Bf1 Bf8 29. Ra4 Rc8 30. Qf3 Rc1 31. Kg2 Rc2+ 32. Kh1 Rc1 33. Kg2 Rc2+ 34. Kh1 Qd7 35. Qe4 Rf2 36. Bg2 Bc5 37. Qd3 Qb5 38. Rxd4 Bxd4 39. Qxd4 Re2 40. Qd8+ Kg7 41. Qf6+ Kf8 42. Qd6+ Kg7 43. Qf6+ Kf8 44. Qd6+ Kg8 45. Qd8+ Kg7 46. Qf6+ Kf8 47. Qd6+ 1/2-1/2

[Event "Manavgat Turkey Cup"]
[Site "Manavgat"]
[Date "2016.02.04"]
[Round "8"]
[White "Aysoy, Veysi"]
[Black "Koker, Turan Sevki"]
[Result "1/2-1/2"]
[WhiteElo "1898"]
[BlackElo "1785"]
[PlyCount "163"]
[EventDate "2016.01.30"]
[EventType "swiss"]
[EventRounds "11"]
[EventCountry "TUR"]
[SourceTitle "CBM 170 Extra"]
[Source "ChessBase"]
[SourceDate "2016.02.25"]
[SourceVersion "1"]
[SourceVersionDate "2016.02.25"]
[SourceQuality "1"]

1. e4 e5 2. Nf3 Nc6 3. c3 Nf6 4. d4 Nxe4 5. d5 Nb8 6. Bd3 Nf6 7. Nxe5 d6 8. Nf3 Be7 9. 0-0 Bg4 10. c4 Nbd7 11. Nbd2 0-0 12. h3 Bh5 13. g4 Bg6 14. Bxg6 hxg6 15. Qc2 a5 16. Re1 Nc5 17. Nb3 Nxb3 18. axb3 Re8 19. Bd2 Qd7 20. Nh2 b6 21. Qd3 Bf8 22. Nf1 Rxe1 23. Rxe1 Re8 24. f3 Rxe1 25. Bxe1 Qe8 26. Bf2 Be7 27. f4 Bd8 28. Ng3 Nd7 29. g5 Nc5 30. Bxc5 bxc5 31. Qe2 Qd7 32. Kf2 Kf8 33. Qg4 Qxg4 34. hxg4 f6 35. Ne4 fxg5 36. fxg5 Ke8 37. Kf3 Kd7 38. Kf4 c6 39. Ke3 cxd5 40. cxd5 Be7 41. Kf4 Kc7 42. Ke3 Kb6 43. Kd3 Kb5 44. Kc3 a4 45. bxa4+ Kxa4 46. Kc4 Ka5 47. b3 Kb6 48. b4 cxb4 49. Kxb4 Ka6 50. Kc4 Ka5 51. Nd2 Bxg5 52. Nb3+ Kb6 53. Nd4 Bf6 54. Ne6 g5 55. Kd3 Kb5 56. Ke4 Kc4 57. Nc7 Kc5 58. Kf5 Kd4 59. Ke6 Be5 60. Nb5+ Kc5 61. Na7 Bf4 62. Nc8 Bg3 63. Ne7 Bf4 64. Ng6 Bg3 65. Ne7 Bf4 66. Nf5 Be5 67. Ne7 Bf4 68. Kf5 Be5 69. Ke6 Bf4 70. Nf5 Be5 71. Ne3 Bf4 72. Nd1 Kd4 73. Nb2 g6 74. Na4 Ke4 75. Nc3+ Kf3 76. Nb5 Kxg4 77. Nxd6 Kf3 78. Nc4 Ke4 79. d6 Bxd6 80. Nxd6+ Ke3 81. Kf6 g4 82. Kxg6 1/2-1/2

[Event "Manavgat Turkey Cup"]
[Site "Manavgat"]
[Date "2016.02.04"]
[Round "9"]
[White "Ceylan, Metin"]
[Black "Aysoy, Veysi"]
[Result "1-0"]
[WhiteElo "1815"]
[BlackElo "1898"]
[PlyCount "118"]
[EventDate "2016.01.30"]
[EventType "swiss"]
[EventRounds "11"]
[EventCountry "TUR"]
[SourceTitle "CBM 170 Extra"]
[Source "ChessBase"]
[SourceDate "2016.02.25"]
[SourceVersion "1"]
[SourceVersionDate "2016.02.25"]
[SourceQuality "1"]

1. e4 d5 2. exd5 Qxd5 3. Nc3 Qd6 4. d4 a6 5. Nf3 Nc6 6. Be2 Bf5 7. a3 Nf6 8. 0-0 e6 9. Be3 h6 10. b4 Be7 11. b5 axb5 12. Nxb5 Qd7 13. c4 Na7 14. Qa4 0-0 15. Ne5 Qe8 16. Qb3 Nxb5 17. cxb5 Be4 18. Rfc1 Bd6 19. a4 Bd5 20. Bc4 Qe7 21. a5 Rfd8 22. Bxd5 Nxd5 23. a6 Bxe5 24. dxe5 b6 25. Rd1 Qh4 26. Rd4 Qh5 27. f4 Qf5 28. Qd3 Qxd3 29. Rxd3 Kf8 30. Kf2 Ke8 31. h4 Ne7 32. Rxd8+ Rxd8 33. Rc1 Kd7 34. g4 Ra8 35. Kf3 c5 36. Rd1+ Nd5 37. Ke4 Kc7 38. Rxd5 exd5+ 39. Kxd5 Rd8+ 40. Ke4 Rd1 41. f5 Rb1 42. e6 fxe6 43. fxe6 Rxb5 44. Bf4+ Kd8 45. Bd2 Rb3 46. Ba5 Ra3 47. Bxb6+ Ke8 48. a7 Ra4+ 49. Kd5 c4 50. Kc6 Ke7 51. Kb5 Rxa7 52. Bxa7 c3 53. Kc4 c2 54. Be3 Kxe6 55. Kd3 Ke5 56. Kxc2 Ke4 57. Kd2 Kf3 58. g5 Kg3 59. g6 Kxh4 1-0

[Event "Manavgat Turkey Cup"]
[Site "Manavgat"]
[Date "2016.01.31"]
[Round "3"]
[White "Gultekin, Celal"]
[Black "Aysoy, Veysi"]
[Result "0-1"]
[WhiteElo "1655"]
[BlackElo "1898"]
[PlyCount "74"]
[EventDate "2016.01.30"]
[EventType "swiss"]
[EventRounds "11"]
[EventCountry "TUR"]
[SourceTitle "CBM 170 Extra"]
[Source "ChessBase"]
[SourceDate "2016.02.25"]
[SourceVersion "1"]
[SourceVersionDate "2016.02.25"]
[SourceQuality "1"]

1. d4 d5 2. Nf3 Nf6 3. c4 c6 4. e3 e6 5. Bd3 Nbd7 6. 0-0 dxc4 7. Bxc4 b5 8. Bd3 Bb7 9. Nc3 a6 10. b3 c5 11. Bb2 Bd6 12. Rc1 cxd4 13. Nxd4 0-0 14. Be2 Qb8 15. g3 Rd8 16. Bf3 Ne5 17. Bxb7 Qxb7 18. Qe2 Bf8 19. f4 Ned7 20. a3 e5 21. fxe5 Nxe5 22. Rf5 Re8 23. Rcf1 Rad8 24. Rg5 Ng6 25. Qd3 Qe7 26. Nd1 Ne4 27. Rgf5 f6 28. h4 Nxg3 29. h5 Nxf1 30. hxg6 Nxe3 31. gxh7+ Kh8 32. Nxe3 Qxe3+ 33. Qxe3 Rxe3 34. Kf2 Rh3 35. Nf3 Kxh7 36. Rxf6 gxf6 37. Bxf6 Rxf3+ 0-1